Dog Breed to Country - Statistics

General Stats
  • This quiz has been taken 200 times
  • The average score is 12 of 21
Answer Stats
Breed Country % Correct
Shih tzu China
91%
Doberman Germany
87%
Dachshund Germany
79%
Tibetan mastiff China
78%
Chihuahua Mexico
77%
Siberian husky Russia
77%
Boston terrier United States
77%
Maltese Malta
74%
Akita Japan
72%
Bulldog United Kingdom
69%
Shetland sheepdog United Kingdom
68%
Havanese Cuba
63%
Labrador retriever Canada
62%
Brittany France
58%
St. Bernard Switzerland
51%
Vizsla Hungary
40%
Australian shepard United States
37%
Can corso Italy
33%
Pug China
27%
Labradoodle Australia
13%
Bichon frise Spain
10%
No matching quizzes found
Score Distribution
Percent of People with Each Score
Percentile by Number Answered
Your Score History
You have not taken this quiz